Normal view
MARC view
Entry Topical Term
001 - CONTROL NUMBER
- control field: 29718
003 - CONTROL NUMBER IDENTIFIER
- control field: OSt
005 - DATE AND TIME OF LATEST TRANSACTION
- control field: 20220211120701.0
008 - FIXED-LENGTH DATA ELEMENTS
- fixed length control field: 220211|| aca||aabn | a|a d
040 ## - CATALOGING SOURCE
- Original cataloging agency: OSt
- Transcribing agency: OSt
150 ## - HEADING--TOPICAL TERM
- Topical term or geographic name entry element: Diplomacy
670 ## - SOURCE DATA FOUND
- Source citation: Work cat.: (OSt)518841: Dwivedi, Manan 28828, About America: beyond the Oregon trail, 2021
